[Event "Deutsche Ländermeisterschaft 2023"]
[Site "Hannover GER"]
[Date "2023.10.03"]
[Round "4"]
[White "Musiolik, David"]
[Black "von Mettenheim, Johannes"]
[Result "1-0"]
[Termination "normal"]
[Board "2.3"]
[WhiteElo "2263"]
[BlackElo "2323"]
[WhiteClock "00:13:10"]
[BlackClock "00:01:21"]
[WhiteTeam "Rheinland-Pfalz"]
[BlackTeam "Niedersachsen"]
[PlyCount "167"]
[WhiteFideId "12972355"]
[BlackFideId "16244818"]
[EventCountry "GER"]
[EventRounds "7"]
[EventType "team-swiss"]
[EventDate "2023.09.30"]

1. Nf3 {[%clk 01:30:54]} {[%emt 00:00:05]} d5 {[%clk 01:30:57]} {[%emt
00:00:04]} 2. b3 {[%clk 01:30:24]} {[%emt 00:01:00]} Nf6 {[%clk 01:31:16]}
{[%emt 00:00:10]} 3. Bb2 {[%clk 01:30:33]} {[%emt 00:00:21]} c6 {[%clk
01:30:53]} {[%emt 00:00:53]} 4. c4 {[%clk 01:29:29]} {[%emt 00:01:34]} e6
{[%clk 01:31:13]} {[%emt 00:00:10]} 5. e3 {[%clk 01:28:50]} {[%emt 00:01:08]}
Bd6 {[%clk 01:31:36]} {[%emt 00:00:08]} 6. Nc3 {[%clk 01:25:06]} {[%emt
00:04:14]} O-O {[%clk 01:31:59]} {[%emt 00:00:07]} 7. Qc2 {[%clk 01:22:49]}
{[%emt 00:02:47]} e5 {[%clk 01:32:24]} {[%emt 00:00:06]} 8. cxd5 {[%clk
01:18:46]} {[%emt 00:04:32]} cxd5 {[%clk 01:32:48]} {[%emt 00:00:06]} 9. Nb5
{[%clk 01:16:24]} {[%emt 00:02:52]} Nc6 {[%clk 01:33:07]} {[%emt 00:00:10]} 10.
Nxd6 {[%clk 01:09:36]} {[%emt 00:07:19]} Qxd6 {[%clk 01:33:29]} {[%emt
00:00:07]} 11. Rc1 {[%clk 00:56:37]} {[%emt 00:13:28]} Bg4 {[%clk 01:24:43]}
{[%emt 00:09:17]} 12. Qc5 {[%clk 00:20:17]} {[%emt 00:36:49]} Qe6 {[%clk
01:23:31]} {[%emt 00:01:42]} 13. Qb5 {[%clk 00:17:44]} {[%emt 00:03:04]} Rab8
{[%clk 01:16:03]} {[%emt 00:07:58]} 14. Be2 {[%clk 00:15:58]} {[%emt 00:02:16]}
Nd7 {[%clk 00:49:20]} {[%emt 00:27:12]} 15. O-O {[%clk 00:14:33]} {[%emt
00:01:56]} Qd6 {[%clk 00:42:42]} {[%emt 00:07:08]} 16. Qa4 {[%clk 00:13:11]}
{[%emt 00:01:53]} Bxf3 {[%clk 00:42:55]} {[%emt 00:00:16]} 17. Bxf3 {[%clk
00:12:08]} {[%emt 00:01:33]} e4 {[%clk 00:36:50]} {[%emt 00:06:34]} 18. Be2
{[%clk 00:12:01]} {[%emt 00:00:37]} Qg6 {[%clk 00:30:40]} {[%emt 00:06:40]} 19.
b4 {[%clk 00:06:43]} {[%emt 00:05:48]} Nce5 {[%clk 00:27:57]} {[%emt 00:03:13]}
20. Qxa7 {[%clk 00:04:00]} {[%emt 00:03:13]} Nf3+ {[%clk 00:24:36]} {[%emt
00:03:51]} 21. Kh1 {[%clk 00:04:23]} {[%emt 00:00:07]} Nh4 {[%clk 00:24:49]}
{[%emt 00:00:16]} 22. g3 {[%clk 00:02:20]} {[%emt 00:02:34]} Nf3 {[%clk
00:24:59]} {[%emt 00:00:19]} 23. Bxf3 {[%clk 00:02:28]} {[%emt 00:00:22]} exf3
{[%clk 00:25:28]} {[%emt 00:00:01]} 24. Qd4 {[%clk 00:01:31]} {[%emt 00:01:27]}
Nf6 {[%clk 00:25:57]} {[%emt 00:00:01]} 25. Qf4 {[%clk 00:00:51]} {[%emt
00:01:10]} Ne4 {[%clk 00:26:20]} {[%emt 00:00:07]} 26. d3 {[%clk 00:00:57]}
{[%emt 00:00:23]} Ng5 {[%clk 00:26:24]} {[%emt 00:00:26]} 27. h4 {[%clk
00:00:43]} {[%emt 00:00:45]} Ne6 {[%clk 00:24:41]} {[%emt 00:02:13]} 28. Qxf3
{[%clk 00:01:07]} {[%emt 00:00:06]} Qxd3 {[%clk 00:25:07]} {[%emt 00:00:05]}
29. Rfd1 {[%clk 00:01:20]} {[%emt 00:00:16]} Qa6 {[%clk 00:25:33]} {[%emt
00:00:03]} 30. a3 {[%clk 00:00:55]} {[%emt 00:00:56]} Rbd8 {[%clk 00:25:30]}
{[%emt 00:00:33]} 31. Rc2 {[%clk 00:00:52]} {[%emt 00:00:33]} Rd7 {[%clk
00:24:26]} {[%emt 00:01:35]} 32. Rcd2 {[%clk 00:00:53]} {[%emt 00:00:29]} Qc6
{[%clk 00:24:02]} {[%emt 00:00:54]} 33. Kg2 {[%clk 00:01:00]} {[%emt 00:00:23]}
Rfd8 {[%clk 00:24:24]} {[%emt 00:00:07]} 34. Rc1 {[%clk 00:01:17]} {[%emt
00:00:14]} Qa6 {[%clk 00:24:26]} {[%emt 00:00:28]} 35. Rcd1 {[%clk 00:01:40]}
{[%emt 00:00:07]} Qc6 {[%clk 00:24:42]} {[%emt 00:00:14]} 36. Rc1 {[%clk
00:02:06]} {[%emt 00:00:04]} Qa6 {[%clk 00:25:08]} {[%emt 00:00:03]} 37. Qe2
{[%clk 00:00:56]} {[%emt 00:01:41]} Qd6 {[%clk 00:25:28]} {[%emt 00:00:09]} 38.
Qb5 {[%clk 00:00:59]} {[%emt 00:00:27]} Qe7 {[%clk 00:16:34]} {[%emt 00:09:24]}
39. Rcd1 {[%clk 00:01:02]} {[%emt 00:00:27]} Nf8 {[%clk 00:16:54]} {[%emt
00:00:10]} 40. Qe2 {[%clk 00:00:38]} {[%emt 00:00:55]} f6 {[%clk 00:17:04]}
{[%emt 00:00:20]} 41. Qf3 {[%clk 00:28:19]} {[%emt 00:02:49]} Qe6 {[%clk
00:46:02]} {[%emt 00:01:31]} 42. h5 {[%clk 00:28:14]} {[%emt 00:00:36]} h6
{[%clk 00:45:48]} {[%emt 00:00:45]} 43. Rd4 {[%clk 00:25:39]} {[%emt 00:03:04]}
Qf7 {[%clk 00:44:19]} {[%emt 00:01:59]} 44. e4 {[%clk 00:21:53]} {[%emt
00:04:16]} dxe4 {[%clk 00:37:19]} {[%emt 00:07:30]} 45. Qxe4 {[%clk 00:22:14]}
{[%emt 00:00:08]} Re7 {[%clk 00:35:26]} {[%emt 00:02:23]} 46. Qf3 {[%clk
00:20:59]} {[%emt 00:01:45]} Rde8 {[%clk 00:27:58]} {[%emt 00:07:58]} 47. Rd8
{[%clk 00:20:33]} {[%emt 00:00:56]} Ne6 {[%clk 00:28:18]} {[%emt 00:00:10]} 48.
Rxe8+ {[%clk 00:20:56]} {[%emt 00:00:07]} Rxe8 {[%clk 00:28:09]} {[%emt
00:00:39]} 49. Bc1 {[%clk 00:20:39]} {[%emt 00:00:46]} Kh8 {[%clk 00:27:28]}
{[%emt 00:01:12]} 50. Be3 {[%clk 00:19:56]} {[%emt 00:01:14]} Qc7 {[%clk
00:17:40]} {[%emt 00:10:17]} 51. Rd3 {[%clk 00:19:11]} {[%emt 00:01:14]} Qf7
{[%clk 00:17:05]} {[%emt 00:01:06]} 52. Rd6 {[%clk 00:19:12]} {[%emt 00:00:28]}
Qc7 {[%clk 00:16:31]} {[%emt 00:01:04]} 53. Qd5 {[%clk 00:18:51]} {[%emt
00:00:52]} Nf8 {[%clk 00:16:35]} {[%emt 00:00:26]} 54. b5 {[%clk 00:17:05]}
{[%emt 00:02:16]} Re5 {[%clk 00:14:03]} {[%emt 00:03:02]} 55. b6 {[%clk
00:16:29]} {[%emt 00:01:06]} Qe7 {[%clk 00:13:41]} {[%emt 00:00:51]} 56. Qd1
{[%clk 00:15:57]} {[%emt 00:01:02]} Rxh5 {[%clk 00:11:06]} {[%emt 00:03:06]}
57. Rxf6 {[%clk 00:14:55]} {[%emt 00:01:32]} Ra5 {[%clk 00:08:49]} {[%emt
00:02:47]} 58. Rf4 {[%clk 00:14:07]} {[%emt 00:01:17]} Ne6 {[%clk 00:02:53]}
{[%emt 00:06:26]} 59. Re4 {[%clk 00:14:04]} {[%emt 00:00:33]} Ra8 {[%clk
00:02:58]} {[%emt 00:00:25]} 60. Qd5 {[%clk 00:13:51]} {[%emt 00:00:42]} Re8
{[%clk 00:03:26]} {[%emt 00:00:03]} 61. a4 {[%clk 00:13:36]} {[%emt 00:00:45]}
Qf7 {[%clk 00:03:37]} {[%emt 00:00:20]} 62. Re5 {[%clk 00:12:20]} {[%emt
00:01:46]} Re7 {[%clk 00:02:00]} {[%emt 00:02:07]} 63. a5 {[%clk 00:12:20]}
{[%emt 00:00:30]} Qe8 {[%clk 00:01:53]} {[%emt 00:00:36]} 64. Qd6 {[%clk
00:11:08]} {[%emt 00:01:41]} Qf7 {[%clk 00:01:34]} {[%emt 00:00:50]} 65. a6
{[%clk 00:08:39]} {[%emt 00:03:00]} bxa6 {[%clk 00:02:02]} {[%emt 00:00:02]}
66. b7 {[%clk 00:08:51]} {[%emt 00:00:17]} Rxb7 {[%clk 00:02:30]} {[%emt
00:00:03]} 67. Qxe6 {[%clk 00:09:11]} {[%emt 00:00:10]} Kh7 {[%clk 00:02:16]}
{[%emt 00:00:44]} 68. Qxf7 {[%clk 00:08:49]} {[%emt 00:00:52]} Rxf7 {[%clk
00:02:44]} {[%emt 00:00:01]} 69. Re6 {[%clk 00:09:11]} {[%emt 00:00:08]} a5
{[%clk 00:03:10]} {[%emt 00:00:04]} 70. Ra6 {[%clk 00:09:35]} {[%emt 00:00:05]}
Rf5 {[%clk 00:02:57]} {[%emt 00:00:43]} 71. Bd2 {[%clk 00:10:00]} {[%emt
00:00:05]} g5 {[%clk 00:02:50]} {[%emt 00:00:38]} 72. Rxa5 {[%clk 00:10:22]}
{[%emt 00:00:07]} Rf6 {[%clk 00:03:12]} {[%emt 00:00:07]} 73. Be3 {[%clk
00:10:16]} {[%emt 00:00:37]} Rf8 {[%clk 00:02:13]} {[%emt 00:01:28]} 74. Ra6
{[%clk 00:10:36]} {[%emt 00:00:10]} Re8 {[%clk 00:02:35]} {[%emt 00:00:08]} 75.
Kf3 {[%clk 00:10:53]} {[%emt 00:00:14]} Rb8 {[%clk 00:02:36]} {[%emt 00:00:29]}
76. Kg4 {[%clk 00:11:09]} {[%emt 00:00:14]} Rb1 {[%clk 00:03:01]} {[%emt
00:00:04]} 77. Bc5 {[%clk 00:11:22]} {[%emt 00:00:17]} Rc1 {[%clk 00:01:48]}
{[%emt 00:01:43]} 78. Rc6 {[%clk 00:11:41]} {[%emt 00:00:11]} Rd1 {[%clk
00:01:56]} {[%emt 00:00:22]} 79. Rd6 {[%clk 00:11:54]} {[%emt 00:00:16]} Rc1
{[%clk 00:02:18]} {[%emt 00:00:09]} 80. Bd4 {[%clk 00:12:18]} {[%emt 00:00:06]}
Rb1 {[%clk 00:02:19]} {[%emt 00:00:28]} 81. Kf5 {[%clk 00:12:41]} {[%emt
00:00:08]} Rb7 {[%clk 00:02:43]} {[%emt 00:00:06]} 82. Re6 {[%clk 00:12:27]}
{[%emt 00:00:43]} Rd7 {[%clk 00:02:44]} {[%emt 00:00:29]} 83. Be5 {[%clk
00:12:46]} {[%emt 00:00:11]} Rb7 {[%clk 00:01:21]} {[%emt 00:01:53]} 84. Re8
{[%clk 00:13:10]} {[%emt 00:00:07]} 1-0

[Event "Deutsche Ländermeisterschaft 2023"]
[Site "Hannover GER"]
[Date "2023.10.03"]
[Round "4"]
[White "Nechitaylo, Nikita"]
[Black "Gröschel, Karoline"]
[Result "1-0"]
[Termination "normal"]
[Board "2.4"]
[WhiteElo "2139"]
[BlackElo "1962"]
[WhiteClock "00:27:37"]
[BlackClock "00:30:00"]
[WhiteTeam "Niedersachsen"]
[BlackTeam "Rheinland-Pfalz"]
[PlyCount "99"]
[WhiteFideId "34138161"]
[BlackFideId "34610537"]
[EventCountry "GER"]
[EventRounds "7"]
[EventType "team-swiss"]
[EventDate "2023.09.30"]

1. d4 {[%clk 01:30:59]} Nf6 {[%clk 01:30:53]} {[%emt 00:00:07]} 2. c4 {[%clk
01:31:19]} {[%emt 00:00:09]} e6 {[%clk 01:31:19]} {[%emt 00:00:05]} 3. Nf3
{[%clk 01:31:43]} {[%emt 00:00:06]} d5 {[%clk 01:31:45]} {[%emt 00:00:04]} 4.
Nc3 {[%clk 01:32:05]} {[%emt 00:00:09]} c5 {[%clk 01:32:01]} {[%emt 00:00:13]}
5. Bg5 {[%clk 01:31:21]} {[%emt 00:01:14]} cxd4 {[%clk 01:28:49]} {[%emt
00:03:43]} 6. Nxd4 {[%clk 01:27:51]} {[%emt 00:04:00]} e5 {[%clk 01:26:42]}
{[%emt 00:02:37]} 7. Ndb5 {[%clk 01:24:22]} {[%emt 00:04:00]} d4 {[%clk
01:25:21]} {[%emt 00:01:51]} 8. Bxf6 {[%clk 01:21:31]} {[%emt 00:03:21]} gxf6
{[%clk 01:25:29]} {[%emt 00:00:21]} 9. Nd5 {[%clk 01:20:32]} {[%emt 00:01:28]}
Na6 {[%clk 01:21:24]} {[%emt 00:04:36]} 10. Qa4 {[%clk 01:21:01]} {[%emt
00:00:01]} Bd7 {[%clk 01:19:22]} {[%emt 00:02:31]} 11. g3 {[%clk 01:09:52]}
{[%emt 00:11:39]} Bc6 {[%clk 01:16:27]} {[%emt 00:03:25]} 12. Bg2 {[%clk
01:03:55]} {[%emt 00:06:27]} Bg7 {[%clk 01:12:18]} {[%emt 00:04:39]} 13. Rc1
{[%clk 00:53:23]} {[%emt 00:11:02]} O-O {[%clk 01:11:47]} {[%emt 00:01:01]} 14.
Qa3 {[%clk 00:53:07]} {[%emt 00:00:46]} Re8 {[%clk 01:11:17]} {[%emt 00:01:00]}
15. O-O {[%clk 00:52:20]} {[%emt 00:01:17]} f5 {[%clk 01:06:43]} {[%emt
00:05:04]} 16. Qf3 {[%clk 00:48:23]} {[%emt 00:04:26]} Qd7 {[%clk 01:04:09]}
{[%emt 00:03:04]} 17. Bh3 {[%clk 00:43:36]} {[%emt 00:05:18]} e4 {[%clk
00:57:46]} {[%emt 00:06:54]} 18. Qxf5 {[%clk 00:37:47]} {[%emt 00:06:18]} Qxf5
{[%clk 00:55:28]} {[%emt 00:02:48]} 19. Bxf5 {[%clk 00:38:07]} {[%emt
00:00:10]} Re5 {[%clk 00:49:22]} {[%emt 00:06:33]} 20. Nxd4 {[%clk 00:37:56]}
{[%emt 00:00:44]} Bxd5 {[%clk 00:48:02]} {[%emt 00:01:51]} 21. cxd5 {[%clk
00:38:21]} {[%emt 00:00:05]} Rxd5 {[%clk 00:48:17]} {[%emt 00:00:14]} 22. Bxe4
{[%clk 00:38:43]} {[%emt 00:00:07]} Rxd4 {[%clk 00:48:36]} {[%emt 00:00:12]}
23. Bxb7 {[%clk 00:39:09]} {[%emt 00:00:05]} Rb8 {[%clk 00:48:46]} {[%emt
00:00:19]} 24. Bxa6 {[%clk 00:39:29]} {[%emt 00:00:10]} Rxb2 {[%clk 00:48:15]}
{[%emt 00:01:01]} 25. Bc4 {[%clk 00:38:14]} {[%emt 00:01:45]} Rdd2 {[%clk
00:40:08]} {[%emt 00:08:37]} 26. a4 {[%clk 00:35:27]} {[%emt 00:03:17]} Rb4
{[%clk 00:39:08]} {[%emt 00:01:30]} 27. Bb5 {[%clk 00:32:44]} {[%emt 00:03:13]}
a6 {[%clk 00:37:32]} {[%emt 00:02:07]} 28. Bxa6 {[%clk 00:29:19]} {[%emt
00:03:54]} Rxa4 {[%clk 00:37:46]} {[%emt 00:00:17]} 29. Rc8+ {[%clk 00:29:42]}
{[%emt 00:00:08]} Bf8 {[%clk 00:38:09]} {[%emt 00:00:07]} 30. Bd3 {[%clk
00:29:27]} {[%emt 00:00:27]} h6 {[%clk 00:36:52]} {[%emt 00:02:05]} 31. Rb1
{[%clk 00:29:34]} {[%emt 00:00:23]} Kg7 {[%clk 00:35:42]} {[%emt 00:01:41]} 32.
Rbb8 {[%clk 00:29:37]} {[%emt 00:00:26]} Bd6 {[%clk 00:34:49]} {[%emt
00:01:23]} 33. Rg8+ {[%clk 00:29:32]} {[%emt 00:00:35]} Kf6 {[%clk 00:35:11]}
{[%emt 00:00:08]} 34. Rb6 {[%clk 00:29:46]} {[%emt 00:00:14]} Rd4 {[%clk
00:31:13]} {[%emt 00:04:30]} 35. Rh8 {[%clk 00:29:11]} {[%emt 00:01:02]} Kg7
{[%clk 00:27:14]} {[%emt 00:04:31]} 36. Rh7+ {[%clk 00:29:04]} {[%emt
00:00:37]} Kg8 {[%clk 00:27:36]} {[%emt 00:00:08]} 37. Rxh6 {[%clk 00:29:05]}
{[%emt 00:00:29]} Bc5 {[%clk 00:27:39]} {[%emt 00:00:28]} 38. Rb8+ {[%clk
00:28:14]} {[%emt 00:01:20]} Kg7 {[%clk 00:28:01]} {[%emt 00:00:08]} 39. Rh7+
{[%clk 00:27:53]} {[%emt 00:00:51]} Kf6 {[%clk 00:28:25]} {[%emt 00:00:06]} 40.
Rb7 {[%clk 00:27:12]} {[%emt 00:01:08]} Be7 {[%clk 00:28:29]} {[%emt 00:00:30]}
41. Rb6+ {[%clk 00:27:24]} {[%emt 00:00:18]} Bd6 {[%clk 00:27:44]} {[%emt
00:01:15]} 42. Rh6+ {[%clk 00:27:48]} {[%emt 00:00:06]} Ke7 {[%clk 00:28:06]}
{[%emt 00:00:08]} 43. Rb7+ {[%clk 00:27:39]} {[%emt 00:00:39]} Kf8 {[%clk
00:28:22]} {[%emt 00:00:14]} 44. Rh8+ {[%clk 00:28:06]} {[%emt 00:00:03]} Kg7
{[%clk 00:28:35]} {[%emt 00:00:17]} 45. Rh7+ {[%clk 00:28:31]} {[%emt
00:00:04]} Kf6 {[%clk 00:29:00]} {[%emt 00:00:05]} 46. Rhxf7+ {[%clk 00:26:55]}
{[%emt 00:02:06]} Kg5 {[%clk 00:29:02]} {[%emt 00:00:28]} 47. Rb5+ {[%clk
00:27:02]} {[%emt 00:00:23]} Kg4 {[%clk 00:29:16]} {[%emt 00:00:16]} 48. f3+
{[%clk 00:26:52]} {[%emt 00:00:41]} Kh3 {[%clk 00:29:38]} {[%emt 00:00:07]} 49.
Rh5+ {[%clk 00:27:13]} {[%emt 00:00:09]} Rh4 {[%clk 00:30:00]} {[%emt
00:00:08]} 50. Rxh4# {[%clk 00:27:37]} {[%emt 00:00:06]} 1-0

[Event "Deutsche Ländermeisterschaft 2023"]
[Site "Hannover GER"]
[Date "2023.10.03"]
[Round "4"]
[White "Weber, Nikita"]
[Black "Nizamova, Rita"]
[Result "1-0"]
[Termination "normal"]
[Board "2.5"]
[WhiteElo "1865"]
[BlackElo "1825"]
[WhiteClock "00:18:05"]
[BlackClock "00:01:15"]
[WhiteTeam "Rheinland-Pfalz"]
[BlackTeam "Niedersachsen"]
[PlyCount "145"]
[WhiteFideId "34608770"]
[BlackFideId "16221940"]
[EventCountry "GER"]
[EventRounds "7"]
[EventType "team-swiss"]
[EventDate "2023.09.30"]

1. Nf3 {[%clk 01:30:57]} {[%emt 00:00:02]} Nf6 {[%clk 01:30:53]} {[%emt
00:00:08]} 2. g3 {[%clk 01:31:25]} {[%emt 00:00:03]} d5 {[%clk 01:31:08]}
{[%emt 00:00:14]} 3. Bg2 {[%clk 01:31:50]} {[%emt 00:00:05]} c5 {[%clk
01:31:03]} {[%emt 00:00:35]} 4. O-O {[%clk 01:32:13]} {[%emt 00:00:07]} Nc6
{[%clk 01:31:20]} {[%emt 00:00:13]} 5. d4 {[%clk 01:32:42]} {[%emt 00:00:02]}
cxd4 {[%clk 01:30:38]} {[%emt 00:01:12]} 6. Nxd4 {[%clk 01:33:10]} {[%emt
00:00:02]} e5 {[%clk 01:30:34]} {[%emt 00:00:34]} 7. Nxc6 {[%clk 01:33:39]}
{[%emt 00:00:01]} bxc6 {[%clk 01:30:57]} {[%emt 00:00:08]} 8. c4 {[%clk
01:34:07]} {[%emt 00:00:02]} e4 {[%clk 01:22:24]} {[%emt 00:09:03]} 9. Bg5
{[%clk 01:29:32]} {[%emt 00:05:05]} Be7 {[%clk 01:21:53]} {[%emt 00:01:01]} 10.
Nc3 {[%clk 01:27:13]} {[%emt 00:02:48]} Bb7 {[%clk 01:16:59]} {[%emt 00:05:24]}
11. Qc2 {[%clk 01:22:59]} {[%emt 00:04:45]} O-O {[%clk 01:13:08]} {[%emt
00:04:21]} 12. Rad1 {[%clk 01:21:20]} {[%emt 00:02:08]} Qa5 {[%clk 01:11:38]}
{[%emt 00:01:58]} 13. a3 {[%clk 01:07:56]} {[%emt 00:13:57]} Rfd8 {[%clk
00:53:05]} {[%emt 00:19:03]} 14. Rd2 {[%clk 01:01:52]} {[%emt 00:06:33]} h6
{[%clk 00:48:29]} {[%emt 00:05:07]} 15. Bxf6 {[%clk 00:57:01]} {[%emt
00:05:20]} Bxf6 {[%clk 00:48:48]} {[%emt 00:00:11]} 16. Rfd1 {[%clk 00:55:40]}
{[%emt 00:01:51]} e3 {[%clk 00:36:12]} {[%emt 00:13:07]} 17. fxe3 {[%clk
00:54:55]} {[%emt 00:01:15]} Bg5 {[%clk 00:36:08]} {[%emt 00:00:34]} 18. Rd3
{[%clk 00:53:38]} {[%emt 00:01:46]} Ba6 {[%clk 00:31:38]} {[%emt 00:05:01]} 19.
cxd5 {[%clk 00:36:58]} {[%emt 00:17:10]} Bxd3 {[%clk 00:29:33]} {[%emt
00:02:34]} 20. Rxd3 {[%clk 00:37:20]} {[%emt 00:00:07]} cxd5 {[%clk 00:28:37]}
{[%emt 00:01:27]} 21. Bxd5 {[%clk 00:37:33]} {[%emt 00:00:17]} Rac8 {[%clk
00:27:04]} {[%emt 00:02:03]} 22. Qb3 {[%clk 00:37:06]} {[%emt 00:00:57]} Qc7
{[%clk 00:24:34]} {[%emt 00:03:00]} 23. Kg2 {[%clk 00:35:47]} {[%emt 00:01:49]}
Rb8 {[%clk 00:20:31]} {[%emt 00:04:33]} 24. Qa2 {[%clk 00:35:14]} {[%emt
00:01:03]} Bf6 {[%clk 00:19:55]} {[%emt 00:01:06]} 25. e4 {[%clk 00:35:25]}
{[%emt 00:00:19]} Rb6 {[%clk 00:17:58]} {[%emt 00:02:28]} 26. Rf3 {[%clk
00:32:53]} {[%emt 00:03:02]} Rf8 {[%clk 00:13:31]} {[%emt 00:04:56]} 27. Na4
{[%clk 00:27:17]} {[%emt 00:06:06]} Rd6 {[%clk 00:13:08]} {[%emt 00:00:54]} 28.
b4 {[%clk 00:26:41]} {[%emt 00:01:05]} Be5 {[%clk 00:12:37]} {[%emt 00:01:01]}
29. Nc5 {[%clk 00:26:39]} {[%emt 00:00:32]} Rf6 {[%clk 00:12:28]} {[%emt
00:00:39]} 30. Qc4 {[%clk 00:21:12]} {[%emt 00:05:56]} Rc8 {[%clk 00:11:25]}
{[%emt 00:01:33]} 31. Qb5 {[%clk 00:20:28]} {[%emt 00:01:14]} Rxf3 {[%clk
00:09:53]} {[%emt 00:02:02]} 32. exf3 {[%clk 00:20:36]} {[%emt 00:00:22]} Bd4
{[%clk 00:10:00]} {[%emt 00:00:23]} 33. Qc4 {[%clk 00:18:29]} {[%emt 00:02:37]}
Bxc5 {[%clk 00:10:20]} {[%emt 00:00:10]} 34. bxc5 {[%clk 00:18:52]} {[%emt
00:00:07]} Qe7 {[%clk 00:09:29]} {[%emt 00:01:21]} 35. c6 {[%clk 00:19:05]}
{[%emt 00:00:17]} Rc7 {[%clk 00:08:14]} {[%emt 00:01:45]} 36. Qc3 {[%clk
00:19:09]} {[%emt 00:00:25]} Qd8 {[%clk 00:06:26]} {[%emt 00:02:18]} 37. Qb4
{[%clk 00:19:12]} {[%emt 00:00:26]} g6 {[%clk 00:06:05]} {[%emt 00:00:52]} 38.
h4 {[%clk 00:19:01]} {[%emt 00:00:41]} Kg7 {[%clk 00:06:19]} {[%emt 00:00:16]}
39. Qd4+ {[%clk 00:19:15]} {[%emt 00:00:16]} Kh7 {[%clk 00:06:04]} {[%emt
00:00:45]} 40. Qb4 {[%clk 00:18:47]} {[%emt 00:00:58]} Qf6 {[%clk 00:04:29]}
{[%emt 00:02:05]} 41. f4 {[%clk 00:17:55]} {[%emt 00:01:23]} Qe7 {[%clk
00:28:42]} {[%emt 00:06:16]} 42. Qa5 {[%clk 00:46:53]} {[%emt 00:01:33]} Qd6
{[%clk 00:24:03]} {[%emt 00:05:07]} 43. e5 {[%clk 00:45:28]} {[%emt 00:01:57]}
Qe7 {[%clk 00:23:43]} {[%emt 00:00:49]} 44. Qc3 {[%clk 00:45:31]} {[%emt
00:00:27]} Qd8 {[%clk 00:23:29]} {[%emt 00:00:44]} 45. Qb3 {[%clk 00:44:19]}
{[%emt 00:01:42]} Qf8 {[%clk 00:20:50]} {[%emt 00:03:07]} 46. Qc3 {[%clk
00:44:11]} {[%emt 00:00:40]} Qe7 {[%clk 00:19:14]} {[%emt 00:02:07]} 47. Kf3
{[%clk 00:43:38]} {[%emt 00:01:03]} Qd8 {[%clk 00:18:34]} {[%emt 00:01:10]} 48.
Qb3 {[%clk 00:43:39]} {[%emt 00:00:30]} Qe7 {[%clk 00:18:35]} {[%emt 00:00:29]}
49. Qc3 {[%clk 00:42:07]} {[%emt 00:02:02]} Qd8 {[%clk 00:18:22]} {[%emt
00:00:42]} 50. Ke4 {[%clk 00:36:20]} {[%emt 00:06:17]} Qc8 {[%clk 00:15:11]}
{[%emt 00:03:40]} 51. Qa5 {[%clk 00:34:14]} {[%emt 00:02:36]} h5 {[%clk
00:13:51]} {[%emt 00:01:51]} 52. Ke3 {[%clk 00:33:34]} {[%emt 00:01:10]} Qb8
{[%clk 00:13:33]} {[%emt 00:00:47]} 53. Qb4 {[%clk 00:33:43]} {[%emt 00:00:21]}
Qxb4 {[%clk 00:06:58]} {[%emt 00:07:05]} 54. axb4 {[%clk 00:34:10]} {[%emt
00:00:03]} Kg7 {[%clk 00:07:18]} {[%emt 00:00:10]} 55. Ke4 {[%clk 00:32:28]}
{[%emt 00:02:12]} Kf8 {[%clk 00:04:54]} {[%emt 00:02:54]} 56. f5 {[%clk
00:32:51]} {[%emt 00:00:07]} Ke7 {[%clk 00:04:47]} {[%emt 00:00:37]} 57. fxg6
{[%clk 00:32:15]} {[%emt 00:01:07]} fxg6 {[%clk 00:05:07]} {[%emt 00:00:10]}
58. Kf4 {[%clk 00:32:38]} {[%emt 00:00:07]} Kf8 {[%clk 00:05:12]} {[%emt
00:00:25]} 59. b5 {[%clk 00:32:16]} {[%emt 00:00:51]} Kg7 {[%clk 00:04:28]}
{[%emt 00:01:15]} 60. Kg5 {[%clk 00:31:35]} {[%emt 00:01:10]} Re7 {[%clk
00:04:42]} {[%emt 00:00:16]} 61. Kf4 {[%clk 00:30:29]} {[%emt 00:01:37]} Rc7
{[%clk 00:05:06]} {[%emt 00:00:06]} 62. Ke4 {[%clk 00:30:45]} {[%emt 00:00:14]}
Kf8 {[%clk 00:05:27]} {[%emt 00:00:09]} 63. Kd4 {[%clk 00:30:40]} {[%emt
00:00:36]} Ke8 {[%clk 00:05:26]} {[%emt 00:00:30]} 64. Be4 {[%clk 00:30:20]}
{[%emt 00:00:50]} Rg7 {[%clk 00:04:21]} {[%emt 00:01:35]} 65. Kd5 {[%clk
00:20:16]} {[%emt 00:10:34]} Kd8 {[%clk 00:02:07]} {[%emt 00:02:43]} 66. Kd6
{[%clk 00:17:54]} {[%emt 00:02:53]} g5 {[%clk 00:01:22]} {[%emt 00:01:16]} 67.
hxg5 {[%clk 00:17:59]} {[%emt 00:00:24]} Re7 {[%clk 00:01:07]} {[%emt
00:00:45]} 68. Bg6 {[%clk 00:17:29]} {[%emt 00:01:00]} Rg7 {[%clk 00:01:33]}
{[%emt 00:00:04]} 69. Bxh5 {[%clk 00:17:26]} {[%emt 00:00:33]} Rh7 {[%clk
00:01:06]} {[%emt 00:00:58]} 70. Bg4 {[%clk 00:17:36]} {[%emt 00:00:20]} Rg7
{[%clk 00:00:49]} {[%emt 00:00:47]} 71. Bd7 {[%emt 00:00:52]} Rg6+ {[%clk
00:00:55]} {[%emt 00:00:23]} 72. e6 {[%clk 00:17:39]} {[%emt 00:00:06]} a5
{[%clk 00:01:15]} {[%emt 00:00:11]} 73. c7# {[%clk 00:18:05]} {[%emt 00:00:04]}
1-0